Network 2; teacher's book /

Guardado en:
Autor Principal: Eastwood, John
Formato: Libro
Publicado: Oxford : Oxford University, 1981
Materias:
Etiquetas: Agregar Etiqueta
Sin Etiquetas, Sea el primero en etiquetar este registro!
LEADER 00687nam a22002175a 4500
001 CEM.cems002201
005 20060216000000.0
008 130507s1981##################000#0#####d
003 CEMS
082 0 4 |a 428.64 
100 1 |a Eastwood, John 
245 1 0 |a Network 2; teacher's book / 
260 |a Oxford :  |b Oxford University,  |c 1981 
300 |a 164 p. 
653 |a Ingles 
653 |a Ingles 2do. año 
653 |a Ingles-enseñanza 
653 |a Ingles-textos 
859 |a CEMS  |b BIB. CEMS - 11 de abril  |h 428.64  |i Ea78-2/II  |p 12671.83  |t Ej.1 
859 |a CEMS  |b BIB. CEMS - 11 de abril  |h 428.64  |i Ea78-2/II  |p 12672.83  |t Ej.2 
859 |a CEMS  |b BIB. CEMS - 11 de abril  |h 428.64  |i Ea78-2/II  |p 12673.83  |t Ej.3